000 02246cam a22005534i 4500
003 PE-LiUPU
005 20250731180146.0
008 150706s r 000 0 d
020 _a9786124551604
035 _a(Sirsi) i9786124551604
040 _aPE-LiUPU
_bspa
_cPE-LiUPU
_erda
049 _aPRUA
082 0 4 _a599.7444685
_bF51
_221
100 1 _aFigueroa, Judith,
_eautor.
245 1 3 _aEl oso andino :
_balcances sobre su historia natural /
_cJudith Figueroa y Marcelo Stucchi.
264 1 _aLima :
_bAsociación para la Investigación y Conservación de la Biodiversidad - AICB,
_c2009.
300 _a105 páginas :
_bilustraciones, color ;
_c23 cm.
336 _atext
_2rdacontent
337 _aunmediated
_2rdamedia
338 _avolume
_2rdacarrier
505 0 _aCaracterísticas de los osos -- Reproducción -- Distribución -- Observación directa -- Registro fotográfico -- Captura de individuos -- Senderos -- Huellas -- Encames -- Señales en los árboles -- Pelos y piel -- Alimentación -- Material fecal -- Dispersión de semillas -- Lista de las especies botánicas y animales reportadas en la dieta del oso -- Problemática.
526 _aSEG44
526 _aSEG26
526 _aP159
526 _aP155
526 _aP154
526 _aP153
526 _aP150
526 _aP100
526 _aP31
526 _aP30
526 _aP26
526 _aP25
526 _aP24
526 _aP22
526 _aP15
526 _aP10
650 0 4 _aOsos de anteojos
_xDistribución geográfica
_zPerú.
650 0 4 _aOsos de anteojos
_xProtección.
650 0 4 _aOsos de anteojos
_xHábitos y conducta.
650 0 4 _aMamiferos.
910 _agl
_bjv
_cng
_d20120223
942 _2ddc
_cBOOK
949 _a599.7444685 F51
_wDEWEY
_c1
_i64331
_lCCODEBUL1
_mBUL
_p17.00
_r0
_sY
_tBOOK
_u2015-7-6
_xBIBLIOTECA
_zUNKNOWN
_o.STAFF. Colección General
994 _aC0
_bPEPRU
596 _a1
999 _a599.7444685 F51
_wDEWEY
_c53119
_i64331
_f2021-11-5
_g5
_lCCODEBUL1
_mBUL
_p17.00
_r0
_sN
_tBOOK
_u2015-7-6
_xBIBLIOTECA
_zUNKNOWN
_0COMPRA
_o.STAFF. Colección General
_d53119
980 _81
_gALBERTO SANCHEZ Responsable de Automatización